| 000 | 00469nam a2200145Ia 4500 | ||
|---|---|---|---|
| 008 | 221007s9999 xx 000 0 und d | ||
| 041 | _aeng | ||
| 082 | _bAIS | ||
| 100 |
_aAishwarya Shah - 2k171150 & Prof. Priyanka Potdar - Guide _9104971 |
||
| 245 | 2 | _aA Study On Students Perception Toward Campus Placement Training In Mba Colleges | |
| 260 |
_c2018 _bSavitribai Phule Pune University _aPune |
||
| 300 |
_a69p _cHard Bound |
||
| 440 | _v1 | ||
| 906 | _bReference Books | ||
| 999 |
_c78092 _d78092 |
||